| 000 | 00724nam a2200253 a 4500 | ||
|---|---|---|---|
| 003 | AR-BaBNM | ||
| 005 | 20251128203628.0 | ||
| 008 | 082120s2002 ||||||||||||||000 | spa|| | ||
| 020 | _a950-02-5262-7 | ||
| 040 | _cAR-BaBNM | ||
| 100 | 1 | _aGarcía Poquet, Javier | |
| 245 | 0 | 0 | _aComputación para todos |
| 260 |
_aBuenos Aires _bEl Ateneo _c1986 |
||
| 300 |
_a108 p. _bdiagr., tablas, il. |
||
| 490 | 0 | _aSistemas de procesamiento electrónico | |
| 500 | _aContiene glosario en p.: 99-108 | ||
| 650 | 4 | _aENSEÑANZA POR COMPUTADORA | |
| 650 | 4 | _aINFORMATICA | |
| 650 | 4 | _aLENGUAJES DE COMPUTACION | |
| 650 | 4 | _aPROGRAMAS INFORMATICOS | |
| 800 | 1 |
_aFrischknetch, Federico _edirector |
|
| 942 | _cBK | ||
| 998 | _cSILVI | ||
| 999 |
_c4223 _d4223 |
||